Normal view
MARC view
Entry Personal Name
001 - CONTROL NUMBER
- control field: 19925
003 - CONTROL NUMBER IDENTIFIER
- control field: ARRUPE
005 - DATE AND TIME OF LATEST TRANSACTION
- control field: 20150915123213.0
008 - FIXED-LENGTH DATA ELEMENTS
- fixed length control field: 150915|| aca||aabn | a|a d
040 ## - CATALOGING SOURCE
- Original cataloging agency: ARRUPE
- Transcribing agency: ARRUPE
100 ## - HEADING--PERSONAL NAME
- Personal name: Synge, J. L.
- Fuller form of name: (John Lighton),
- Dates associated with a name: 1897-1995.
670 ## - SOURCE DATA FOUND
- Source citation: Work cat.: (ARRUPE)0: Synge, J. L. (John Lighton), 1897-1995., Relativity:, 1960.